The Weeknd Albums by Picture - Statistics

General Stats
  • This quiz has been taken 411 times
  • The average score is 5 of 6
Answer Stats
Picture Answer % Correct
Starboy
98%
After Hours
94%
Dawn FM
91%
Kiss Land
89%
Hurry Up Tomorrow
87%
Beauty Behind the Madness
85%
No matching quizzes found
Score Distribution
Percent of People with Each Score
Percentile by Number Answered
Your Score History
You have not taken this quiz